La declaración judicial de herederos no constituye una aceptación tácita de la herencia (Registro nro. 22599)
[ vista simple ]
| 000 -Cabecera | |
|---|---|
| Campo de control interno | 01339nam a2200217 4500 |
| 001 - Número de control | |
| control field | ESSALUD |
| 005 - Fecha y hora de la última transacción | |
| Campo de control | 20260701143742.0 |
| 007 - Tipo material - Descripcion fisica - info general | |
| Tipo material - Descripcion fisica - info general | ta |
| 008 - Elementos de Longitud Fija - Información General | |
| Elementos de Longitud Fija - Información | t pe ||||| |||| 00| 0 spa d |
| 040 ## - Origen de la Catalogación | |
| Origen de la Catalogación | BMG |
| 041 ## - Idioma | |
| Idioma | spa |
| 100 ## - Autor | |
| Autor | Tribunal Registral |
| Rol del Autor | Autor |
| 9 (RLIN) | 53048 |
| 245 ## - Titulo | |
| Titulo | La declaración judicial de herederos no constituye una aceptación tácita de la herencia |
| 300 ## - Páginas | |
| Paginación | páginas 88-99 |
| 520 ## - Resumen | |
| Resumen | La declaración judicial de herederos no constituye una aceptación tácita de la herencia, pues a través de este procedimiento se busca conocer quiénes son los sucesores de un causante, los llamados a heredar los bienes, derechos y obligaciones que constituyen la herencia, por imperio de la Ley en ausencia del testamento. Sin embargo, puede darse el caso de que los sucesores de un causante no hayan sido reconocidos o contemplados como tales, o habiéndolo sido, resultan ajenos a ellos la tenencia, posesión y/o dominio efectivo de los bienes que conforman la herencia. Ante tal situación, se ha previsto la acción petitoria. |
| 650 ## - Temas - Descriptores | |
| Temas - Descriptores | DERECHO SUCESORIO |
| 9 (RLIN) | 53065 |
| 650 ## - Temas - Descriptores | |
| Temas - Descriptores | HERENCIA |
| 9 (RLIN) | 1215 |
| 650 ## - Temas - Descriptores | |
| Temas - Descriptores | TESTAMENTO |
| 9 (RLIN) | 53066 |
| 773 0# - Revista (Relacion con el numero) | |
| Host Biblionumber | 22573 |
| Host Itemnumber | 22621 |
| Ciudad, Editorial | Lima Grupo Praxis Formación Profesional, 2026- |
| Codigo barras item/ejemplar | PRA002 |
| Titulo de la Revista | Praxis Civil & Procesal Civil |
| Número de control de registro | ESSALUD |
| ISSN | 3119-7671 |
| 942 ## - Elementos de Koha | |
| Tipo de Documento | Artículos |
| Fecha procesamiento | 2026-07-01 |
| Catalogador | sqb |
No hay ítems disponibles.